000 01036nam a22002657a 4500
005 20101220114345.0
008 101220t xxu||||| |||| 00| 0 eng d
010 _aENG-101832
020 _a9788132105107
_c695.00
035 _aEN-85365
037 _bDBAD/PUB
040 _adpl
_bEng
082 _a658.300954
100 _aDas, Subesh
_d1936-
_924941
245 _aManaging people at work :
_bemployment relations in globalizing India /
_cby Subesh Das
260 _aNew Delhi
_bSAGE Publications
_c2010
270 _aB1/I-1 Mohan Cooperative Industrial Area Mathura Road
_bNew Delhi
_e110044
300 _axviii,245p.
_c23cm (Hb)
500 _aIncludes bibliographical references and index.
610 _924942
650 _aPersonnel management
_zIndia
_924943
650 _aIndustrial relations
_zIndia
_924944
942 _2ddc
_cEN
_h658.300954
_mDAS
999 _c49302
_d49302